International standards for phytosanitary measures Part 2 Import regulations; Code of conduct for the import and release of exotic biological control agents
Đã lưu trong:
| Príomhúdar: | |
|---|---|
| Formáid: | Leabhar |
| Teanga: | Undetermined |
| Foilsithe: |
Rome
FAO
1997
|
| Ábhair: | |
| Clibeanna: |
Cuir Clib Leis
Gan Chlibeanna, Bí ar an gcéad duine leis an taifead seo a chlibeáil!
|
| Thư viện lưu trữ: | Trung tâm Học liệu Trường Đại học Cần Thơ |
|---|
| LEADER | 00609nam a2200193Ia 4500 | ||
|---|---|---|---|
| 001 | CTU_22234 | ||
| 008 | 210402s9999 xx 000 0 und d | ||
| 082 | |a 632.9 | ||
| 082 | |b I62/P1 | ||
| 100 | |a FAO | ||
| 245 | 0 | |a International standards for phytosanitary measures Part 2 | |
| 245 | 0 | |b Import regulations; Code of conduct for the import and release of exotic biological control agents | |
| 245 | 0 | |c FAO | |
| 260 | |a Rome | ||
| 260 | |b FAO | ||
| 260 | |c 1997 | ||
| 650 | |a plants, protection of | ||
| 904 | |i Nguyễn Quang Điền, 980407 | ||
| 980 | |a Trung tâm Học liệu Trường Đại học Cần Thơ | ||